00553nam a22001692 4500001001100000005001700011008004100028020002800069040001500097050001700112100003300129245010500162260002600267300001700293650003800310700003500348000000201120151217151836.0070330s xx 000 0 eng d a0199272433 :cKES 4,199 aKABUcKABU 0aHD6971b.W551 aWilliams, Steve.@000015118210aContemporary employment relations :ba critical introduction /cSteve Williams and Derek Adam-Smith. aOxford :bOUP,c2006. axiii, 358 p. 0aIndustrial relations.@00001480891 aAdam-Smith, Derek.@0000151183